| Tag |
First Indicator |
Second Indicator |
Subfields |
| LEADER |
00000cgm a22000003a 4500 |
| 001 |
in00003746113 |
| 006 |
m|||||o||c|||||||| |
| 007 |
cr |n||||||||a |
| 007 |
vz |za|z| |
| 008 |
150105s1981 mou029 e |o v|eng d |
| 005 |
20260324204336.6 |
| 035 |
|
|
|a (OCoLC)900741562
|
| 035 |
|
|
|a ASP2658180/dav2
|
| 040 |
|
|
|a VaAlASP
|c VaAlASP
|d UtOrBLW
|
| 050 |
|
4 |
|a GV1594
|b .D363 1981
|
| 245 |
0 |
0 |
|a Dance On.
|p Matteo /
|c produced by Billie Mahoney.
|
| 264 |
|
1 |
|a Kansas City, MO :
|b Dance On Video,
|c 1981.
|
| 300 |
|
|
|a 1 online resource (29 min.)
|
| 306 |
|
|
|a 002813
|
| 336 |
|
|
|a two-dimensional moving image
|b tdi
|2 rdacontent
|
| 337 |
|
|
|a computer
|b c
|2 rdamedia
|
| 337 |
|
|
|a video
|b v
|2 rdamedia
|
| 338 |
|
|
|a online resource
|b cr
|2 rdacarrier
|
| 338 |
|
|
|a other
|b vz
|2 rdacarrier
|
| 490 |
0 |
|
|a Dance in video, volume 2
|
| 520 |
|
|
|a Ethnic dancer Matteo explains that although born in Utica, N.Y., he has always been attracted to the exotic; studied anthropology and led a folk dance group in college; and began his professional dancing career with the Metropolitan Opera Ballet. He notes that one must be a "scholar, dancer, and a human being" to be a good ethnic dancer; stresses that the concentration is on the upper body rather than the legs (as in western dance); demonstrates and explains the importance of hand and facial gestures; and compares the Sanskrit terminology used in classical Indian dance to the French ballet vocabulary.
|
| 546 |
|
|
|a In English.
|
| 500 |
|
|
|a Electronic resource.
|
| 600 |
0 |
0 |
|a Matteo.
|0 http://id.loc.gov/authorities/names/n89664780
|
| 650 |
|
0 |
|a Ballet.
|0 http://id.loc.gov/authorities/subjects/sh85011275
|
| 650 |
|
0 |
|a Bharata natyam.
|0 http://id.loc.gov/authorities/subjects/sh85013536
|
| 650 |
|
0 |
|a Dancers
|v Interviews.
|
| 651 |
|
7 |
|a United States.
|0 (OCoLC)1204155
|2 fast
|
| 655 |
|
7 |
|a Internet videos.
|2 lcgft
|0 http://id.loc.gov/authorities/genreForms/gf2011026337
|
| 655 |
|
7 |
|a Television interviews.
|2 lcgft
|0 http://id.loc.gov/authorities/genreForms/gf2011026662
|
| 700 |
1 |
|
|a Hutcheson, Jon,
|e director.
|0 http://id.loc.gov/authorities/names/no2007084656
|
| 700 |
1 |
|
|a Mahoney, Billie,
|e producer,
|e interviewer.
|0 http://id.loc.gov/authorities/names/nr2005005152
|
| 700 |
0 |
|
|a Matteo,
|e interviewee.
|0 http://id.loc.gov/authorities/names/n89664780
|
| 710 |
2 |
|
|a Metropolitan Opera (New York, N.Y.).
|b Ballet.
|0 http://id.loc.gov/authorities/names/no2002032445
|
| 856 |
4 |
0 |
|u http://proxy.library.tamu.edu/login?url=https://www.aspresolver.com/aspresolver.asp?DAV2;2658180
|z Connect to this streaming video (Alexander Street Press)
|t 0
|
| 999 |
f |
f |
|s d5cf15d8-187c-3583-a083-f7ce2c0f0820
|i 7ed143ed-6bdd-30fa-af41-096ca3df8c50
|t 0
|
| 952 |
f |
f |
|a Texas A&M University
|b College Station
|c Electronic Resources
|s www_evans
|d Available Online
|t 0
|e GV1594 .D363 1981
|h Library of Congress classification
|
| 998 |
f |
f |
|a GV1594 .D363 1981
|t 0
|l Available Online
|